DWTS Season 1 Average Quiz Stats

 Plays Quiz not verified by Sporcle

Challenge
Share
Tweet
Embed
Score 0/6 Timer 10:00
0 Plays Today
Average Couple % Correct
22.375Kelly & Alec
94.7%
24.875John & Charlotte
84.2%
18.5Trista & Louis
78.9%
15Evander & Edyta
78.9%
23.75Rachel & Jonathan
73.7%
21.33Joey & Ashly
73.7%

You're not logged in!

Compare scores with friends on all Sporcle quizzes.
Join for Free
OR
Log In

You Might Also Like...

Show Comments

Extras

Top Quizzes Today


Score Distribution

Your Account Isn't Verified!

In order to create a playlist on Sporcle, you need to verify the email address you used during registration. Go to your Sporcle Settings to finish the process.

Report this User

Report this user for behavior that violates our Community Guidelines.

Details: